Yếu tố kỳ ảo trong tập Người ăn gió và quả chuông bay đi của Nhật Chiêu

Nhật Chiêu- một hiện tượng văn chương độc đáo của văn học Việt Nam đương đại. Biểu hiện của yếu tố kỳ ảo trong tập Người ăn gió và quả chuông bay đi của Nhật Chiêu. Đặc sắc nghệ thuật xây dựng yếu tố kỳ ảo trong tập Người ăn gió và quả chuông bay đi của Nhật Chiêu....

Cur síos iomlán

Đã lưu trong:
Sonraí Bibleagrafaíochta
Príomhúdar: Dương Thị Thu
Údair Eile: Ngô Minh Hiền TS. (Hướng dẫn)
Formáid: Leabhar
Teanga:Vietnamese
Foilsithe: Đà Nẵng Đại học Sư phạm, Đại học Đà Nẵng 2013
Ábhair:
Clibeanna: Cuir Clib Leis
Gan Chlibeanna, Bí ar an gcéad duine leis an taifead seo a chlibeáil!
Thư viện lưu trữ: Mạng thư viện Đại học Đà Nẵng
LEADER 01936nam a2200385 4500
001 000018953
003 15388
005 20140312150328.0
008 140224s2013 viesd
041 |a vie 
072 |a VH 
082 1 4 |a 895.922808  |b DƯ-T 
100 1 |a Dương Thị Thu 
245 1 0 |a Yếu tố kỳ ảo trong tập Người ăn gió và quả chuông bay đi của Nhật Chiêu  |c Dương Thị Thu ; Ngô Minh Hiền hướng dẫn  |k Khóa luận tốt nghiệp 
260 |a Đà Nẵng  |b Đại học Sư phạm, Đại học Đà Nẵng  |c 2013 
300 |a 57 tr.  |c 29 cm. 
500 |a Khóa luận tốt nghiệp đại học. Chuyên ngành: Cử nhân Văn học 
520 |a Nhật Chiêu- một hiện tượng văn chương độc đáo của văn học Việt Nam đương đại. Biểu hiện của yếu tố kỳ ảo trong tập Người ăn gió và quả chuông bay đi của Nhật Chiêu. Đặc sắc nghệ thuật xây dựng yếu tố kỳ ảo trong tập Người ăn gió và quả chuông bay đi của Nhật Chiêu. 
600 1 4 |a Nhật Chiêu  |d 1934-  |t Người ăn gió và quả chuông bay đi 
650 0 4 |a Văn xuôi Việt Nam  |v Khóa luận tốt nghiệp  |x Nhật Chiêu 
653 |a Người ăn gió và quả chuông bay đi 
653 |a Văn xuôi Việt Nam 
653 |a Khoa Ngữ văn 
653 |a Yếu tố kỳ ảo 
700 1 |a Ngô Minh Hiền  |c TS.  |e Hướng dẫn 
OWN |a LSP 
AVA |a UDN50  |b LSP  |d 895.922808 DƯ-T  |e available  |t Error 5001 Not defined in file expand_doc_bib_avail.  |f 1  |g 0  |h N  |i 0  |k 1 
999 |a From the UDN01 
AVA |a UDN50  |b LSP  |d 895.922808 DƯ-T  |e available  |t Error 5001 Not defined in file expand_doc_bib_avail.  |f 1  |g 0  |h N  |i 0  |k 1 
TYP |a Monograph 
TYP |a Printed language 
980 |a Mạng thư viện Đại học Đà Nẵng